[Event "Hessen-ch Gr-E 64th"]
[Site "Bad Vilbel"]
[Date "2010.04.03"]
[Round "4"]
[White "Petrov, Petr1111"]
[Black "Robles Ayllon, Daniel"]
[Result "0-1"]
[WhiteElo "1442"]
[BlackElo "1469"]
[PlyCount "34"]
[EventDate "2010.03.31"]
[EventType "swiss"]
[EventRounds "5"]
[EventCountry "GER"]
[SourceTitle "EXT 2011"]
[Source "ChessBase"]
[SourceDate "2010.11.26"]
[SourceVersion "1"]
[SourceVersionDate "2010.11.26"]
[SourceQuality "1"]

1. e4 e5 2. Nf3 Nc6 3. Bc4 Bc5 4. c3 Nf6 5. d4 exd4 6. cxd4 Bb4+ 7. Nc3 Nxe4 8. 0-0 Nxc3 9. bxc3 Be7 10. Re1 0-0 11. d5 Na5 12. Bd3 d6 13. c4 c6 14. Nd4 Bf6 15. Bxh7+ Kxh7 16. Qh5+ Kg8 17. Nf3 g6 0-1

[Event "Hessen-ch Gr-E 64th"]
[Site "Bad Vilbel"]
[Date "2010.04.03"]
[Round "3"]
[White "Robles Ayllon, Daniel"]
[Black "Loeffler, Markus1111"]
[Result "1-0"]
[WhiteElo "1469"]
[BlackElo "1353"]
[PlyCount "85"]
[EventDate "2010.03.31"]
[EventType "swiss"]
[EventRounds "5"]
[EventCountry "GER"]
[SourceTitle "EXT 2011"]
[Source "ChessBase"]
[SourceDate "2010.11.26"]
[SourceVersion "1"]
[SourceVersionDate "2010.11.26"]
[SourceQuality "1"]

1. e4 e5 2. Nf3 Nf6 3. Bc4 c6 4. Nxe5 d5 5. exd5 cxd5 6. Bb5+ Bd7 7. Nxd7 Nfxd7 8. 0-0 Be7 9. d4 0-0 10. Nc3 Nb6 11. Qg4 a6 12. Bd3 N8d7 13. Bh6 Bf6 14. Qf5 g6 15. Qf3 Re8 16. Nxd5 Nxd5 17. Qxd5 Qc7 18. c3 Nb6 19. Qf3 Bh8 20. Rfe1 Bg7 21. Bf4 Qd7 22. Be3 Na4 23. Re2 b5 24. Rae1 Nb6 25. Be4 Rac8 26. Bb7 Rc7 27. Be4 f5 28. Bc2 Kh8 29. Bf4 Rxe2 30. Qxe2 Rc8 31. Qe6 Qxe6 32. Rxe6 Nd7 33. Rxa6 Re8 34. Kf1 b4 35. Ba4 bxc3 36. bxc3 Rb8 37. Bxb8 Nxb8 38. Ra8 Bh6 39. Rxb8+ Kg7 40. Rb7+ Kf6 41. Rxh7 Bd2 42. c4 Bc3 43. d5 1-0

[Event "Hessen-ch Gr-E 64th"]
[Site "Bad Vilbel"]
[Date "2010.04.02"]
[Round "2"]
[White "Robles Ayllon, Daniel"]
[Black "Honert, Stefan"]
[Result "1-0"]
[WhiteElo "1469"]
[BlackElo "1297"]
[PlyCount "71"]
[EventDate "2010.03.31"]
[EventType "swiss"]
[EventRounds "5"]
[EventCountry "GER"]
[SourceTitle "EXT 2011"]
[Source "ChessBase"]
[SourceDate "2010.11.26"]
[SourceVersion "1"]
[SourceVersionDate "2010.11.26"]
[SourceQuality "1"]

1. e4 d5 2. exd5 Nf6 3. Bc4 Bg4 4. f3 Bf5 5. Nc3 a6 6. a4 Nbd7 7. d4 Nb6 8. Bb3 Nbxd5 9. Nxd5 Nxd5 10. Ne2 e6 11. Ng3 Bb4+ 12. c3 Nxc3 13. bxc3 Bxc3+ 14. Bd2 Bxa1 15. Qxa1 Bd3 16. Qc3 Bg6 17. 0-0 0-0 18. f4 Qd7 19. d5 Rad8 20. Bc1 Kh8 21. Bb2 f6 22. dxe6 Qe7 23. f5 Be8 24. Bc2 c5 25. Ne4 h6 26. Nxc5 Rc8 27. Ba3 b6 28. Nd7 Rxc3 29. Bxe7 Rg8 30. Rf2 Rc7 31. Bd8 Rxc2 32. Rxc2 b5 33. axb5 axb5 34. Be7 Bh5 35. h3 Bd1 36. Rc7 1-0